Piłka nożna - Kluby które najczęściej wygrywały ligę włoską - Statystyki

Ogólne statystyki
  • Ten quiz został rozwiązany 777 razy
    768 od ostatniego zresetowania
  • Średni wynik to 8 z 11
Statystyki odpowiedzi
Zwycięstwa Klub % Poprawnych
19 AC Milan
99%
19 Inter Mediolan
99%
36 Juventus Turyn
99%
3 SSC Napoli
92%
3 AS Roma
89%
2 Lazio Rzym
76%
2 AC Fiorentina
61%
7 Torino FC
55%
7 FC Bologna
45%
9 Genoa CFC
44%
7 FC Pro Vercelli 1892
4%
Nie znaleziono quizów pasujących do podanych kryteriów
Rozkład punktacji
Procent ludzi z każdym wynikiem
Percentyl według liczby udzielonych odpowiedzi
Twoja historia wyników
Nie rozwiązałeś tego quizu od ostatniego zresetowania